000
00264nam a22001097a 4500
008
160507b xxu||||| |||| 00| 0 eng d
020
_a
0683302655
041
_a
eng
080
_a
616
245
_a
Pathology:
_c
Arthur S. Schneider; Philip A. Szanto;
942
_2
udc
_c
BK
999
_c
1883
_d
1883